01564cam a22003857a 4500003000500000005001700005008004100022010001000063011001000073035001000083040000900093090001000102100004700112245013600159260004100295300003100336502008500367590003700452590004100489590004100530590004100571590004200612650003100654650002900685650002200714650001900736901000700755905002600762942000900788949005500797949004200852999001700894952014000911952012701051CHAP20220329141834.0971202d1997 mx a r 00110 spa d a74631 a75603 a85169 cCHAP aTesis00aSierra Palacios, Edgar del Carmen.910586210aCaracterización tecnológica de la industria productora de hongos comestibles en Méxicoc/por Edgar del Carmen Sierra Palacios aChapingo, Méx. :bEl autor,c1997. a183 h. :bilus. ; gráfs. aTesis (Ing. Agroindustrial) -- UACH. Departamento de Ingeniería Agroindustrial aALEPHb10c20130110lUCH01h1420 aBATCH-UPDb10c20130110lUCH01h0626 aBATCH-UPDb10c20130410lUCH01h0309 aBATCH-UPDb10c20130914lUCH01h1620 aCONVERSIONb10c20130109lUCH01h134114aHongos comestibles.95612414aHongoszMéxico.95612214aPleurotus.98917314aSetas.9105368 aBK aAlejandra Carrasco M. cFOLL bBCcTESd33724000636361eTS2fc.2h31324i85169si bBCcTESd851691eTS1h31323i85169sb c74631d74631 00102local4053708TESISaBCbBCcPA_TESISd2019-12-31fTESISl0oTesisp33724000636361r2019-12-31 00:00:00tc.2w2019-12-31yTESIS 00102local4051708TESISaBCbBCcPA_TESISd2019-12-31fTESISl0oTesisp851691r2019-12-31 00:00:00w2019-12-31yTESIS